000
00198nam a22000857a 4500
008
170124b xxu||||| |||| 00| 0 eng d
100
_9
2546
_a
Chawla.A
245
_a
Magetism
260
_a
New Delhi
_b
DP
_c
2010
999
_c
5640
_d
5640